000 00779nam a22002297a 4500
005 20170124105958.0
010 _aA-826181
020 _c00.00
_a8120812581
035 _aA-826181
037 _bCen Lib/Ret
040 _aDPL
_bEN
082 _a363.72
_bPAT
100 _aPathak, Bindeshwar
_915143
245 _aRoad to freedom :
_cby Bindeshwar Pathak
_ba sociological study on the abolition of scavenging in India /
260 _aDelhi
_bMotilal Banarsidass
_c1996
270 _bDelhi
_a41 U.A.Bungalow Road, Jawahar Nagar
_e110002
300 _aix, 254p. :
_c20cm(Hb)
_bill.
500 _aIncludes bibliographical references and index
650 _a Ragpickers -- India -- Bihar.
_915144
650 _aBhangis.
_915145
942 _2ddc
_cEN
_h363.72
_mPAT
999 _c125678
_d125678